All NFL Teams Biggest Rival - Statistics

General Stats
  • This quiz has been taken 148 times
  • The average score is 23 of 32
Answer Stats
Team Rival % Correct
Chicago Bears Green Bay Packers
89%
Baltimore Ravens Pittsburgh Steelers
89%
Buffalo Bills New England Patriots
84%
Atlanta Falcons New Orleans Saints
84%
Dallas Cowboys Philadelphia Eagles
84%
Cleveland Browns Pittsburgh Steelers
83%
Green Bay Packers Chicago Bears
81%
Cincinnati Bengals Pittsburgh Steelers
81%
Arizona Cardinals Seattle Seahawks
79%
Detroit Lions Green Bay Packers
76%
Carolina Panthers New Orleans Saints
75%
Denver Broncos Las Vegas Raiders
74%
Minnesota Vikings Green Bay Packers
71%
Philadelphia Eagles Dallas Cowboys
70%
Kansas City Chiefs Las Vegas Raiders
70%
Seattle Seahawks San Francisco 49ers
70%
New York Giants Dallas Cowboys
69%
Miami Dolphins New England Patriots
69%
San Francisco 49ers Seattle Seahawks
68%
Houston Texans Tennessee Titans
68%
Pittsburgh Steelers Baltimore Ravens
67%
Las Vegas Raiders Denver Broncos
67%
New Orleans Saints Atlanta Falcons
66%
Jacksonville Jaguars Indianapolis Colts
66%
New England Patriots Miami Dolphins
66%
New York Jets New England Patriots
66%
Indianapolis Colts Tennessee Titans
66%
Los Angeles Chargers Kansas City Chiefs
65%
Los Angeles Rams Seattle Seahawks
64%
Washington Football Team Dallas Cowboys
62%
Tampa Bay Buccaneers New Orleans Saints
59%
Tennessee Titans Indianapolis Colts
58%
No matching quizzes found
Score Distribution
Percent of People with Each Score
Percentile by Number Answered
Your Score History
You have not taken this quiz